000
00322nam a2200121Ia 4500
005
20251223000719.0
008
251222s9999||||xx |||||||||||||| ||spa||
082
_a
261.809.8/C42
245
0
_a
La Doctrina Social de la Iglesia:
250
_a
1ra.ed.
264
_b
Comisión Epscopal de Acción Social (Perú)
942
_c
LIB
999
_c
41582
_d
41582